| 000 | 00824cam a22002653a 4500 | ||
|---|---|---|---|
| 001 | 18816 | ||
| 003 | PGUSA | ||
| 005 | 20140828083411.0 | ||
| 008 | 060713s2006||||xxu|||||s|||||000 1 eng d | ||
| 040 |
_aPGUSA _beng |
||
| 042 | _adc | ||
| 050 | 4 | _aPZ | |
| 100 | 1 |
_aOptic, Oliver, _d1822-1897 |
|
| 245 | 1 | 0 |
_aStand By The Union _h[electronic resource] / _cOliver Optic |
| 260 |
_bProject Gutenberg, _c2006 |
||
| 506 | _aPublic domain in the USA. | ||
| 516 | _aElectronic text | ||
| 653 | _aWar stories | ||
| 653 | _aSteamboats -- Juvenile fiction | ||
| 653 | _aUnited States -- History -- Civil War, 1861-1865 -- Naval operations -- Juvenile fiction | ||
| 700 | 1 |
_aBridgman, L. J. _q(Lewis Jesse), _d1857-1931 |
|
| 830 | 0 |
_aProject Gutenberg _v18816 |
|
| 856 | 4 | 0 | _uhttp://www.gutenberg.org/ebooks/18816 |
| 942 | _cEB | ||
| 999 |
_c248071 _d248071 |
||